From Yalta to Disarmament: (Record no. 13035)
[ view plain ]
| 000 -LEADER | |
|---|---|
| fixed length control field | 00913cam a22002651 4500 |
| 001 - CONTROL NUMBER | |
| control field | 7964294 |
| 005 - DATE AND TIME OF LATEST TRANSACTION | |
| control field | 20080429183049.0 |
| 008 - FIXED-LENGTH DATA ELEMENTS--GENERAL INFORMATION | |
| fixed length control field | 741011s1961 nyu | 000 0 eng d |
| 010 ## - LIBRARY OF CONGRESS CONTROL NUMBER | |
| LC control number | 61014051 |
| 035 ## - SYSTEM CONTROL NUMBER | |
| System control number | (OCoLC)1039304 |
| 040 ## - CATALOGING SOURCE | |
| Original cataloging agency | DLC |
| Transcribing agency | OAU |
| Modifying agency | OCoLC |
| -- | DLC |
| 042 ## - AUTHENTICATION CODE | |
| Authentication code | premarc |
| 050 00 - LIBRARY OF CONGRESS CALL NUMBER | |
| Classification number | D843 |
| Item number | .M69 |
| 082 ## - DEWEY DECIMAL CLASSIFICATION NUMBER | |
| Classification number | 327.174 |
| Item number | MOR |
| Edition number | 22 |
| 100 1# - MAIN ENTRY--PERSONAL NAME | |
| Personal name | Morray, J. P. |
| Fuller form of name | (Joseph P.), |
| Dates associated with a name | 1916- |
| 9 (RLIN) | 9928 |
| 245 10 - TITLE STATEMENT | |
| Title | From Yalta to Disarmament: |
| Remainder of title | Cold War Debate/ |
| Statement of responsibility, etc | by Joseph P. Morray |
| 260 ## - PUBLICATION, DISTRIBUTION, ETC. (IMPRINT) | |
| Place of publication, distribution, etc | New York: |
| Name of publisher, distributor, etc | MR, |
| Date of publication, distribution, etc | 1961. |
| 300 ## - PHYSICAL DESCRIPTION | |
| Extent | xii, 368 p.; |
| Dimensions | 24 cm. |
| 500 ## - GENERAL NOTE | |
| General note | Donation |
| 504 ## - BIBLIOGRAPHY, ETC. NOTE | |
| Bibliography, etc | Includes bibliographical references. |
| 650 #0 - SUBJECT ADDED ENTRY--TOPICAL TERM | |
| Topical term or geographic name as entry element | World politics |
| Chronological subdivision | 1945-1989. |
| 9 (RLIN) | 9929 |
| 650 #0 - SUBJECT ADDED ENTRY--TOPICAL TERM | |
| Topical term or geographic name as entry element | Disarmament. |
| 9 (RLIN) | 9930 |
| 942 ## - ADDED ENTRY ELEMENTS (KOHA) | |
| Source of classification or shelving scheme | Dewey Decimal Classification |
| Item type | Book - Borrowing |
| Withdrawn status | Item status | Source of classification or shelving scheme | Damaged status | Not for loan | Vendor | Home library | Current library | Shelving location | Date acquired | Source of acquisition | Total Checkouts | Full call number | Barcode | Date last seen | Koha item type | Public note |
|---|---|---|---|---|---|---|---|---|---|---|---|---|---|---|---|---|
| Dewey Decimal Classification | Central Library | Central Library | First floor | 14/12/2009 | Donation | 327.174 MOR | 000019270 | 15/07/2025 | Book - Borrowing | Donation |